00404 a2200145 450000100060000004000240000610000260003024000210005624500160007730000060009365000310009994200070013095201040013799900170024147963 cAnchieta - Aquarius aVieira, Adelina Lopes10aChuva e sollpor10aChuva e sol a1 4aLiteratura infanto-juvenil cBK 00104070a87.1b87.1d2023-11-21l0o028.5 VIE CHUp7070/AQUr2023-11-21 15:14:53w2023-11-21yBK c47963d47963